Statistics for Modern Family Cast

Click here to take the quiz!

General Stats

  • This quiz has been taken 173 times
  • The average score is 8 of 12

Answer Stats

CharacterActor/Actress% Correct
Gloria Delgado-PritchettSofia Vergara
90%
Alex DunphyAriel Winter
85%
Haley DunphySarah Hyland
81%
Claire DunphyJulie Bowen
78%
Phil DunphyTy Burrell
77%
Jay PritchettEd O'Neill
70%
Cameron TuckerEric Stonestreet
70%
Mitchell PritchettJesse Tyler Ferguson
66%
Luke DunphyNolan Gould
65%
Manny DelgadoRico Rodriguez
59%
Lily Tucker-PritchettAubrey Anderson-Emmons
40%
Joe PritchettJeremy Maguire
31%

Score Distribution

Percentile by Number Answered

Percent of People with Each Score

Your Score History

You have not taken this quiz